El padrino /
Guardado en:
| Autor Principal: | |
|---|---|
| Otros Autores: | , |
| Formato: | Libro |
| Publicado: |
Buenos Aires :
Sm,
2019.
|
| Edición: | 1a. reimp. |
| Series: | El Barco de Vapor. + 12 Años / Cecilia Repetti
|
| Materias: | |
| Etiquetas: |
Agregar Etiqueta
Sin Etiquetas, Sea el primero en etiquetar este registro!
|
| LEADER | 00791nam a22002535a 4500 | ||
|---|---|---|---|
| 001 | CEM.cems019048 | ||
| 008 | 220422s2019##################000#0#####d | ||
| 005 | 20260616151147.0 | ||
| 245 | 1 | 0 | |a El padrino / |c Florencia Gattari y Alberto Rojas Apel; ilustrado por Gonzalo Kenny. |
| 250 | |a 1a. reimp. | ||
| 260 | |a Buenos Aires : |b Sm, |c 2019. | ||
| 300 | |a 152 p. | ||
| 490 | 0 | |a El Barco de Vapor. + 12 Años / Cecilia Repetti | |
| 020 | |a 9789877316049 | ||
| 100 | 1 | |a Gattari, Florencia. | |
| 700 | 1 | |a Rojas Apel, Alberto. | |
| 700 | 1 | |a Kenny, Gonzalo; il. | |
| 082 | 0 | 4 | |a A863.4 |
| 653 | |a Literatura | ||
| 653 | |a Literatura argentina | ||
| 653 | |a Literatura infantil | ||
| 653 | |a Novelas infantiles | ||
| 653 | |a Novela | ||
| 859 | |a CEMS |b BIB. CEMS - 11 de abril |h A863.4LS1 |i G228 |p 29302.22 |t Ej. 1 | ||
